MARC details
| 000 -CABECERA |
| campo de control de longitud fija |
01036nam a2200289 a 4500 |
| 003 - IDENTIFICADOR DEL NÚMERO DE CONTROL |
| campo de control |
MX-MxUPN |
| 005 - FECHA Y HORA DE LA ÚLTIMA TRANSACCIÓN |
| campo de control |
20220725155631.0 |
| 008 - ELEMENTOS DE LONGITUD FIJA--INFORMACIÓN GENERAL |
| campo de control de longitud fija |
220725t1962 mx a||||rb||| 001 0 spa d |
| 040 ## - FUENTE DE LA CATALOGACIÓN |
| Centro catalogador/agencia de origen |
MX-MxUPN |
| Lengua de catalogación |
spa |
| Centro/agencia transcriptor |
MX-MxUPN |
| 041 0# - CÓDIGO DE IDIOMA |
| Código de lengua del texto/banda sonora o título independiente |
spa |
| 050 14 - SIGNATURA TOPOGRÁFICA DE LA BIBLIOTECA DEL CONGRESO |
| Número de clasificación |
LB1651 M63 |
| Número de documento/Ítem |
B58 1962 |
| 100 1# - ASIENTO PRINCIPAL--NOMBRE PERSONAL |
| Nombre de persona |
Beltrán, Enrique, |
| Fechas asociadas al nombre |
1903-1994 |
| 9 (RLIN) |
34682 |
| 100 1# - ASIENTO PRINCIPAL--NOMBRE PERSONAL |
| Nombre de persona |
Rioja, Enrique |
| 9 (RLIN) |
44551 |
| 100 1# - ASIENTO PRINCIPAL--NOMBRE PERSONAL |
| Nombre de persona |
Alcaraz, José |
| 9 (RLIN) |
44552 |
| 100 1# - ASIENTO PRINCIPAL--NOMBRE PERSONAL |
| Nombre de persona |
Ruiz Oronoz, Manuel |
| 9 (RLIN) |
44553 |
| 100 1# - ASIENTO PRINCIPAL--NOMBRE PERSONAL |
| Nombre de persona |
Miranda, Faustino, |
| Fechas asociadas al nombre |
1905-1964 |
| 9 (RLIN) |
40496 |
| 100 1# - ASIENTO PRINCIPAL--NOMBRE PERSONAL |
| Nombre de persona |
Larios Rodríguez, Ignacio |
| 9 (RLIN) |
44554 |
| 245 10 - MENCIÓN DE TÍTULO |
| Título |
Biología : |
| Resto del título |
tercer curso para escuelas secundarias |
| 246 14 - FORMA VARIANTE DE TÍTULO |
| Título propio/Titulo breve |
Biología : |
| Resto del título |
tercer curso |
| 250 ## - MENCIÓN DE EDICIÓN |
| Mención de edición |
Décimoprimera edición. |
| 260 ## - PUBLICACIÓN, DISTRIBUCIÓN, ETC. |
| Lugar de publicación, distribución, etc. |
México, D.F. : |
| Nombre del editor, distribuidor, etc. |
Editorial Científica Latino Americana Larios : |
| -- |
Porrúa, |
| Fecha de publicación, distribución, etc. |
©1962. |
| 300 ## - DESCRIPCIÓN FÍSICA |
| Extensión |
362 páginas : |
| Otras características físicas |
ilustraciones. |
| 504 ## - NOTA DE BIBLIOGRAFÍA, ETC. |
| Nota de bibliografía, etc. |
Incluye referencias bibliográficas e índice. |
| 650 #4 - ASIENTO SECUNDARIO DE MATERIA - TERMINO TEMATICO |
| Término de materia o nombre geográfico como elemento de entrada |
Biología |
| Subdivisión general |
Estudio y enseñanza (Secundaria) |
| 9 (RLIN) |
4532 |
| 650 #4 - ASIENTO SECUNDARIO DE MATERIA - TERMINO TEMATICO |
| Término de materia o nombre geográfico como elemento de entrada |
Biología |
| Subdivisión de forma |
Libros de texto |
| 9 (RLIN) |
4651 |
| 942 ## - ELEMENTOS DE PUNTO DE ACCESO ADICIONAL (KOHA) |
| Fuente del sistema de clasificación o colocación |
Library of Congress Classification |
| Tipo de ítem Koha |
Libro |